|
|
|
|
| LEADER |
00000nab a2200000ua 4500 |
| 001 |
vtls010808874 |
| 003 |
SK-MaSNL |
| 005 |
20260305010550.0 |
| 008 |
230218s1970 xo |||||||||||||||||ukr| |
| 035 |
|
|
|a (urnnbn)urn:nbn:sk:snk:ar-0042y9
|
| 035 |
|
|
|a (uuid)2109fa0f-1e3f-41ad-ae47-8cdda1a89ae0
|
| 035 |
|
|
|a urn:nbn:sk:snk-ab42cf
|
| 040 |
|
|
|a SNKBUCL
|b slo
|c SNKBUCL
|e AACR2
|
| 041 |
0 |
|
|a ukr
|
| 044 |
|
|
|a xo
|c SK
|
| 100 |
1 |
|
|a Rudlovčáková, Helena,
|d 1919-2007
|4 aut
|9 201688
|
| 245 |
1 |
0 |
|a Za zavisoju minulogo :
|b Materiali do vzajemin Zakarpattja z Rosijeju
|c Olena Pudlovčak
|
| 773 |
0 |
|
|t Duklja : literaturno-chudožnij ta hromads'ko-polityčnyj al'manach
|g Roč. 18, č. 3 (1970), s. 60-67
|
| 958 |
|
|
|a OND
|
| 958 |
|
|
|a EUIPO
|
| 958 |
|
|
|a article3
|
| 999 |
|
|
|c 3247349
|d 3249279
|